Football Clubs N'golo Kante has Played for - Statistics

General Stats
  • This quiz has been taken 44 times
  • The average score is 3 of 6
Answer Stats
Year Appearances Goals Assists Answer % Correct
2016-2023 269 13 16 Chelsea
100%
2015-2016 40 1 4 Leicester City
87%
2016- 53 2 1 France
82%
2023- 0 0 0 Al Ittihad
49%
2013-2015 82 6 9 SM Caen
10%
2011-2013 40 4 0 US Boulogne
3%
No matching quizzes found
Score Distribution
Percent of People with Each Score
Percentile by Number Answered
Your Score History
You have not taken this quiz